| 000 | 00352nam a22001217a 4500 | ||
|---|---|---|---|
| 082 | _aP-768 | ||
| 100 |
_aCapt Haroon Amal Khattak _951416 |
||
| 245 |
_aEffects of Metered Water Connections in a Residential Society _bSyn # 7 |
||
| 260 |
_aRisalpur, _bMCE, _c2018. |
||
| 526 |
_a0 _b0 _c0 _dP_768 |
||
| 700 |
_a Maj Dr. Irfan Abid _951417 |
||
| 942 |
_2ddc _cBK |
||
| 999 |
_c554105 _d554105 |
||